00821nam a22002417a 4500003000500000005001700005008004100022010001000063011001000073020001500083035001100098040000900109082001600118110007900134245019400213260002600407300002000433490001900453650002600472650002800498650003400526830001900560CHAP20220329143558.0100623s1996 fr a r 00010 eng d a98790 a99762 a9264148957 a110448 cCHAP04a379.2bOc192 aOrganización para la Cooperación y el Desarrollo Económicos. París10aKnowledge bases for education policies :bproceedings of a conference held in Maastricht, the Netherlands on 11-13 September 1995c/by Organisation for Economic Co-operation and Development aParis :bOECD,cc1996 a174 p. :bilus. 0aOECD documents14aEducación y Estado.14aEducaciónxCongresos.14aPolítica educativazEuropa. 0aOECD documents